000
00285nam a2200121Ia 4500
008
190216s9999||||xx |||||||||||||| ||und||
100
_a
"Raisinghania M D, Aggarwal R S"
245
0
_a
Hydrostatics
260
_b
S Chand & Co
_c
1981
300
_a
250p
650
_a
Physics
942
_c
BK
999
_c
32920
_d
32920